000
00328 a2200157 4500
001
158653
020
_a
040
_c
Magnum
100
_a
-
240
1
0
_a
Enciclopedia seculo xx/v.11
_l
por
245
1
0
_a
Enciclopedia seculo xx/v.11
362
0
_a
1899
440
1
_a
José Olympio
697
_a
ENCICLOPEDIAS
942
_c
BK
999
_c
158653
_d
158653